| 000 | 01021cam a2200289 i 4500 | ||
|---|---|---|---|
| 999 |
_c16454 _d16454 |
||
| 001 | 16454 | ||
| 003 | Mx-PuUPA | ||
| 005 | 20191008155106.0 | ||
| 008 | 140415s1986 sp r 000 0 spa d | ||
| 020 | _a8474901375 | ||
| 040 |
_aMx-PuUPA _bspa _cMx-PuUPA _dMx-PuUPA _erda |
||
| 041 |
_aspa _hdut |
||
| 100 | 1 |
_aReinach, Adolf, _97856 _d1883-1917, _eautor |
|
| 240 | 1 | 0 |
_aÜber phänomenologie. _lEspañol |
| 245 | 1 | 0 |
_aIntroducción a la fenomenología / _cAdolf Reinach ; presentación, traducción y notas por Rogelio Rovira |
| 264 | 4 |
_aMadrid : _bEdiciones encuentro, _c©1986 |
|
| 300 |
_a69 páginas ; _c19 cm. |
||
| 336 |
_2rdacontent _atexto _btxt |
||
| 337 |
_2rdamedia _asin medio _bn |
||
| 338 |
_2rdacarrier _avolumen _bnc |
||
| 490 | 0 |
_aLibros de bolsillo ; _v33 |
|
| 650 | 4 | _aFenomenología | |
| 700 | 1 |
_aRovira, Rogelio, _etraductor |
|
| 700 | 1 |
_iTraducción de (obra): _aReinach, Adolf, _d1883-1917. _tÜber phänomenologie |
|
| 942 |
_2ddc _cLI _h142.7 _iREI |
||